03551njm a2200553Ia 450000100060000000300090000600500170001500800410003204000130007304000130008604100130009910000110011210000180012310000380014124500610017925000110024026000110025126000750026230000100033750001010034750502280044865000550067670000620073170000820079370000670087570000950094270000810103770000990111870000810121770000680129870000950136670001000146170001000156170001010166170000780176270000830184070000830192370000710200670000930207770000770217070000900224770001030233770000930244070000870253370000960262070000870271670000750280370001190287824261IT-RoPAU20220918181112.0131025s9999 xx 000 0 und d aIT-RoPAU cIT-RoPAU aITALIANO aAA.VV. eAutore musica gCodice autore musica SPICS: 12000 aSanremo '72-Selezione delle canzoni finaliste e le sigle a1a ed. aITALIA bEMI - LA VOCE DEL PADRONEc1972 [1a Ed.:1972 - Ed. Lingua Orig.: 1972] aDISCO aMusica leggera. Arrangiamento. Selezione delle canzoni finaliste e sigle di apertura e chiusura. aRimpianto - I giorni dell'arcobaleno - Come le viole - Il re di denari - Non voglio innamorarmi mai - Jesahel - Piazza grande - Ti voglio - Un diadema di ciliege - Un gatto nel blu - Ci sono giorni - Per amore ricomincerei aARRANGIAMENTO [DISCHI]eCodice MATERIA SPICS: 9950 aPourcel FranckeIntepretegCodice interprete SPICS: 11079 aAlbertelli LuigieAutore musicagCodice autore musica SPICS: 14330pRimpianto aRiccardi EnricoeAutoregCodice autore SPICS: 14331pRimpianto aDi Bari NicolaeAutore musicagCodice autore musica SPICS: 14083pI giorni dell'arcobaleno aPintucci PieroeAutoregCodice autore SPICS: 13212pI giorni dell'arcobaleno aMasinieAutore testo/musicagCodice autore testo/musica SPICS: 16127pI giorni dell'arcobaleno aAmendola G.eAutore musicagCodice autore musica SPICS: 15541pCome le viole aGagliardi G.eAutoregCodice autore SPICS: 27385pCome le viole aMattone Ugo (Pirro Ugo)eAutore musicagCodice autore musica SPICS: 13129pIl re di denari aMigliacci FrancoeAutore testo/musicagCodice autore testo/musica SPICS: 13653pIl re di denari aBigazzi GiancarloeAutore musicagCodice autore musica SPICS: 13839pNon voglio innamorarmi mai aSignorini M.eAutore musicagCodice autore testo/musica SPICS: 15542pNon voglio innamorarmi mai aPrudente OscareAutore musicagCodice autore musica SPICS: 13875pJesahel aFossati IvanoeAutore musicagCodice autore testo/musica SPICS: 10192pJesahel aBaldazzi AnnaeAutore musicagCodice autore musica SPICS: 11016pPiazza grande aBardotti SergioeAutoregCodice autore SPICS: 13862pPiazza grande aDalla LucioeAutore testo/musicagCodice autore testo/musica SPICS: 10843pPiazza grande aPieretti D.eAutore musicagCodice autore musica SPICS: 15543pTi voglio aGianco RickyeAutore testo/musicagCodice autore testo/musica SPICS: 15544pTi voglio aBertola RomanoeAutore testo/musicagCodice autore testo/musica SPICS: 9236pUn diadema di ciliege aSavio G.eAutore testo/musicagCodice autore testo/musica SPICS: 14082pUn gatto nel blu aPallavicini VitoeAutore musicagCodice autore musica SPICS: 13656pCi sono giorni aDonaggio PinoeAutore testo/musicagCodice autore testo/musica SPICS: 13658pCi sono giorni aTerzi M.eAutore musicagCodice autore musica SPICS: 27386pPer amore ricomincerei aSalerno A.eAutoregCodice autore SPICS: 14302pPer amore ricomincerei aDammicco C.eAutore testo/musicagCodice autore testo/musica SPICS: 15545pCodice autore testo/musica SPICS: 15545